Southville International School and Colleges
Your cart is empty.
  • Cart
  • Lists
    Public lists Eva Luna New books Lux_list list_1
    Your lists Log in to create your own lists
  • Log in to your account
  • Your cookies
  • Search history
Southville International School and Colleges
  • Advanced search
  • Recent comments
  • Most popular
  • Libraries

Log in to your account

Log in with GOOGLE


If you do not have an external account, but do have a local account, you can still log in:

  1. Home
  2. MARC view: Lise Meitner :
Normal view MARC view ISBD view

Lise Meitner : (Record no. 34661)

[ view plain ]
MARC details
000 -LEADER
fixed length control field 01764cam a2200469 a 4500
001 - CONTROL NUMBER
control field 15580463
003 - CONTROL NUMBER IDENTIFIER
control field OSt
005 - DATE AND TIME OF LATEST TRANSACTION
control field 20140310184456.0
008 - FIXED-LENGTH DATA ELEMENTS--GENERAL INFORMATION
fixed length control field 090109s2010 nyua j 001 0beng
010 ## - LIBRARY OF CONGRESS CONTROL NUMBER
LC control number 2009000358
020 ## - INTERNATIONAL STANDARD BOOK NUMBER
International Standard Book Number 9780531237021 (lib. bdg.)
020 ## - INTERNATIONAL STANDARD BOOK NUMBER
International Standard Book Number 0531237028 (lib. bdg.)
035 ## - SYSTEM CONTROL NUMBER
System control number (OCoLC)ocn298325734
040 ## - CATALOGING SOURCE
Original cataloging agency DLC
Transcribing agency DLC
Modifying agency IG#
-- DLC
042 ## - AUTHENTICATION CODE
Authentication code lcac
043 ## - GEOGRAPHIC AREA CODE
Geographic area code e-gx---
050 00 - LIBRARY OF CONGRESS CALL NUMBER
Classification number QC 774.M4
Item number .V46 2010
100 1# - MAIN ENTRY--PERSONAL NAME
Personal name Venezia, Mike.
9 (RLIN) 24604
245 10 - TITLE STATEMENT
Title Lise Meitner :
Remainder of title had the right vision about nuclear fission /
Statement of responsibility, etc Mike Venezia.
260 ## - PUBLICATION, DISTRIBUTION, ETC. (IMPRINT)
Place of publication, distribution, etc New York :
Name of publisher, distributor, etc Children's Press,
Date of publication, distribution, etc 2010.
300 ## - PHYSICAL DESCRIPTION
Extent 32 p. :
Other physical details ill. (chiefly col.) ;
Dimensions 25 cm.
490 1# - SERIES STATEMENT
Series statement Getting to know the world's greatest inventors & scientists
500 ## - GENERAL NOTE
General note Includes index.
521 ## - TARGET AUDIENCE NOTE
Target audience note
526 ## - STUDY PROGRAM INFORMATION NOTE
Reading level 920
541 ## - IMMEDIATE SOURCE OF ACQUISITION NOTE
-- 1
541 ## - IMMEDIATE SOURCE OF ACQUISITION NOTE
-- 2
562 ## - COPY AND VERSION IDENTIFICATION NOTE
Number of copies 1
600 10 - SUBJECT ADDED ENTRY--PERSONAL NAME
Personal name Meitner, Lise,
Dates associated with a name 1878-1968
Form subdivision Juvenile literature.
9 (RLIN) 28378
600 11 - SUBJECT ADDED ENTRY--PERSONAL NAME
Personal name Meitner, Lise,
Dates associated with a name 1878-1968.
9 (RLIN) 28379
650 #0 - SUBJECT ADDED ENTRY--TOPICAL TERM
Topical term or geographic name as entry element Physicists
Geographic subdivision Germany
Form subdivision Biography
-- Juvenile literature.
9 (RLIN) 28380
650 #0 - SUBJECT ADDED ENTRY--TOPICAL TERM
Topical term or geographic name as entry element Women physicists
Geographic subdivision Germany
Form subdivision Biography
-- Juvenile literature.
9 (RLIN) 28381
650 #0 - SUBJECT ADDED ENTRY--TOPICAL TERM
Topical term or geographic name as entry element Nuclear fission
Form subdivision Juvenile literature.
9 (RLIN) 28382
650 #1 - SUBJECT ADDED ENTRY--TOPICAL TERM
Topical term or geographic name as entry element Physicists
Geographic subdivision Germany
Form subdivision Biography.
9 (RLIN) 28383
650 #1 - SUBJECT ADDED ENTRY--TOPICAL TERM
Topical term or geographic name as entry element Women physicists
Geographic subdivision Germany
Form subdivision Biography.
9 (RLIN) 28384
650 #1 - SUBJECT ADDED ENTRY--TOPICAL TERM
Topical term or geographic name as entry element Nuclear fission
Form subdivision Juvenile literature.
9 (RLIN) 28385
800 1# - SERIES ADDED ENTRY--PERSONAL NAME
Personal name Venezia, Mike.
Title of a work Getting to know the world's greatest inventors & scientists.
9 (RLIN) 28386
906 ## - LOCAL DATA ELEMENT F, LDF (RLIN)
a 7
b cbc
c orignew
d 1
e ecip
f 20
g y-gencatlg
942 ## - ADDED ENTRY ELEMENTS (KOHA)
Source of classification or shelving scheme Library of Congress Classification
Koha item type
Holdings
Withdrawn status Lost status Source of classification or shelving scheme Damaged status Home library Current library Shelving location Date acquired Total Checkouts Full call number Barcode Date last seen Copy number Price effective from Koha item type
    Library of Congress Classification   Luxembourg Library Luxembourg Library Scholastic Reading Center Section 10/11/2013   QC 774.M4 .V46 2010 LEX1544 04/18/2017 1 10/11/2013 Books
    Library of Congress Classification   Luxembourg Library Luxembourg Library Scholastic Reading Center Section 10/12/2013   QC 774.M4 .V46 2010 LEX1545 04/18/2017 2 10/12/2013 Books
    Library of Congress Classification   Luxembourg Library Luxembourg Library Scholastic Reading Center Section 10/12/2013   QC 774.M4 .V46 2010 SCHO0441 04/18/2017 3 10/12/2013 Books

Lise Meitner :

APA

Venezia M., . (2010). Lise Meitner. New York: Children's Press.

Chicago

Venezia Mike, . 2010. Lise Meitner. New York: Children's Press.

Harvard

Venezia M., . (2010). Lise Meitner. New York: Children's Press.

MLA

Venezia Mike, . Lise Meitner. New York: Children's Press. 2010.

  • Place hold
  • Print
  • Cite
  • Add to your cart (remove)
  • Save record
    BIBTEX Dublin Core MARCXML MARC (non-Unicode/MARC-8) MARC (Unicode/UTF-8) MARC (Unicode/UTF-8, Standard) MODS (XML) RIS
  • More searches
    Search for this title in:
    Other Libraries (WorldCat) Other Databases (Google Scholar) Online Stores (Bookfinder.com) Open Library (openlibrary.org)

Exporting to Dublin Core...

SOUTHVILLE LIBRARY

Southville International School and Colleges Library

1281 Tropical Ave. Cor. Luxembourg St., BF Homes International, Las Pinas City

Tel. No. 8256374 / 252358 Loc. 117/146

Powered by Koha